| 000 | 00890nam a2200241 4500 | ||
|---|---|---|---|
| 003 | LK-CoMWRAF | ||
| 008 | 230822b2007 |||||||| |||| 00| 0 eng d | ||
| 020 | _a9789715505161 | ||
| 040 |
_aLK-CoMWRAF _dLK-CoMWRAF _eLK-CoMWRAF |
||
| 041 | _aeng | ||
| 082 |
_a261.8357 _bECC |
||
| 111 |
_aECCLESIA OF WOMEN IN ASIA: BIENNIAL CONFERENCE _c(Indonesia, Yogyakarta _d2007) |
||
| 245 |
_aBody and sexuality _b: theological-pastoral perspectives of women in Asia |
||
| 260 |
_aQuezon City: _bAteneo de Manila University Press, _c2007 |
||
| 300 |
_axiii, 301 p. ; 23 cm. _bIndex included |
||
| 490 | _aTheology and religious studies series | ||
| 650 | _aHUMAN BODY-RELIGIOUS ASPECTS-CATHOLIC CHURCH | ||
| 650 | _a Women -- Religious aspects -- Catholic Church Women -- Asia | ||
| 650 | _aWomen -- Asia | ||
| 700 |
_aBrazal, Agnes M. _eed. |
||
| 700 |
_aSi, Andrea Lizares _eed. |
||
| 942 | _cCP | ||
| 999 |
_c3246 _d3246 |
||